LIBRARY ONLINE CATALOGUE

Computer networks : (Record no. 4440)

MARC details
000 -LEADER
fixed length control field 00635cam a22002052 4500
001 - CONTROL NUMBER
control field 0000023807
005 - DATE AND TIME OF LATEST TRANSACTION
control field 20151217145944.0
008 - FIXED-LENGTH DATA ELEMENTS--GENERAL INFORMATION
fixed length control field 130326s xx 000 0 eng d
020 ## - INTERNATIONAL STANDARD BOOK NUMBER
International Standard Book Number 0071315159 :
Terms of availability KES 980
040 ## - CATALOGING SOURCE
Original cataloging agency KABU
Transcribing agency KABU
100 1# - MAIN ENTRY--PERSONAL NAME
Personal name Forouzan, Behrouz A.
-- 0000148478
245 10 - TITLE STATEMENT
Title Computer networks :
Remainder of title a top-down approach /
Statement of responsibility, etc. Behrouz A. Forouzan, Firouz Mosharraf.
250 ## - EDITION STATEMENT
Edition statement 1st ed.
260 ## - PUBLICATION, DISTRIBUTION, ETC. (IMPRINT)
Place of publication, distribution, etc. New York :
Name of publisher, distributor, etc. McGraw-Hill,
Date of publication, distribution, etc. 2012.
300 ## - PHYSICAL DESCRIPTION
Extent xxiii, 931 p.
650 #0 - SUBJECT ADDED ENTRY--TOPICAL TERM
Topical term or geographic name as entry element Computer networks.
-- 0000148214
852 1# - LOCATION
-- p3,604 KES
908 ## - PUT COMMAND PARAMETER (RLIN)
Put command parameter 130326
950 ## - LOCAL HOLDINGS (RLIN)
-- 1
Holdings
Withdrawn status Lost status Source of classification or shelving scheme Not for loan Home library Current library Date acquired Total Checkouts Total Renewals Full call number Barcode Date last seen Date last checked out Price effective from Koha item type
    Library of Congress Classification   Kabarak, Main Campus Kabarak, Main Campus 17/12/2015 10 1 TK5105.5 .F67 2012 c.1 014820 26/11/2021 11/11/2021 17/12/2015 General Collection